| 000 | 00559nam a22002177a 4500 | ||
|---|---|---|---|
| 999 |
_c35037 _d35037 |
||
| 003 | OSt | ||
| 005 | 20220426181408.0 | ||
| 008 | 220426b ||||| |||| 00| 0 spa d | ||
| 040 | _cBiblioteca Ernesto Sábato | ||
| 092 |
_a284 _bA877 _eJLS |
||
| 100 | _aAtkinson, James | ||
| 245 | _aLutero y el nacimiento del protestantismo | ||
| 260 |
_aMadrid _bAlianza _c1971 |
||
| 300 | _a400 p. | ||
| 440 |
_aHumanidades _n ; 315 |
||
| 650 | _aLUTERO, MARTIN | ||
| 650 | _aIGLESIA PROTESTANTE | ||
| 650 | _aPROTESTANTISMO | ||
| 650 | _a/JLS/ | ||
| 942 |
_2ddc _cJLS |
||